| 000 | 00381nam a2200169Ia 4500 | ||
|---|---|---|---|
| 005 | 20250423094850.0 | ||
| 008 | 250422s9999 xx 000 0 und d | ||
| 020 | _a0521455502 | ||
| 050 | _aKC 2000 .C6/ | ||
| 100 | _aCollier, J. G. | ||
| 245 | 0 | _aConflict of laws | |
| 260 | _aUK | ||
| 260 | _bCambridge University Press | ||
| 260 | _c1987 | ||
| 300 | _a406 p | ||
| 942 | _cBK | ||
| 999 |
_c28533 _d28533 |
||